Statistics for Largest Cities in Indiana with Exceptions

Click here to take the quiz!

General Stats

  • This quiz has been taken 52 times
  • The average score is 5 of 15

Answer Stats

PopulationCity/Town% Correct
855,164Indianapolis
100%
264,488Fort Wayne
95%
60,852Terre Haute
58%
90,127Fishers
55%
57,799Kokomo
55%
60,183Noblesville
34%
48,679Mishawaka
29%
17,924Vincennes
24%
28,418East Chicago
21%
35,246Merrillville
11%
23,603Munster
11%
14,740Beech Grove
8%
29,243Schererville
8%
21,285Brownsburg
5%
16,893Griffith
5%

Score Distribution

Percentile by Number Answered

Percent of People with Each Score

Your Score History

You have not taken this quiz